Central Library OPAC University of Rajshahi

Code of criminal procedure : (Record no. 47953)

MARC details
000 -LEADER
fixed length control field 00761nam a2200229 a 4500
001 - CONTROL NUMBER
control field 47953
003 - CONTROL NUMBER IDENTIFIER
rucl marc code BD-RjUL
005 - DATE AND TIME OF LATEST TRANSACTION
control field 20211209054429.0
008 - FIXED-LENGTH DATA ELEMENTS--GENERAL INFORMATION
fixed length control field 160811m19661951paua 001 0 eng
035 ## - SYSTEM CONTROL NUMBER
System control number (BD-RjUL)48072
040 ## - CATALOGING SOURCE
Original cataloging agency DLC
Transcribing agency DLC
Modifying agency EQO
-- BD-RjUL
Language of cataloging eng
041 ## - LANGUAGE CODE
Language code of text/sound track or separate title eng
082 ## - DEWEY DECIMAL CLASSIFICATION NUMBER
Classification number 345.5491002632
Edition number 23
Author mark and year NIC 1966
100 ## - MAIN ENTRY--PERSONAL NAME
Personal name Nizami, Muhammad Mazhar Hassan
9 (RLIN) 142468
245 10 - TITLE STATEMENT
Title Code of criminal procedure :
Remainder of title (v of 1898) With Commentary /
Statement of responsibility, etc. Muhammad Mazhar Hassan Nizami ;Re-written A. M. Choudhary
250 ## - EDITION STATEMENT
Edition statement 6th ed.
260 ## - PUBLICATION, DISTRIBUTION, ETC. (IMPRINT)
Place of publication, distribution, etc. Lahore :
Name of publisher, distributor, etc. All Pakistan Legal Decisions,
Date of publication, distribution, etc. 1966,
300 ## - PHYSICAL DESCRIPTION
Pagination lxxiv, 496, 109,173 p. ;
Size 24 cm.
650 #0 - SUBJECT ADDED ENTRY--TOPICAL TERM
Topical term or geographic name as entry element Criminal procedure
Geographic subdivision Pakistan
9 (RLIN) 141105
700 ## - ADDED ENTRY--PERSONAL NAME
Personal name Choudhary, A. M.
942 ## - ADDED ENTRY ELEMENTS (KOHA)
Source of classification or shelving scheme Dewey Decimal Classification
Koha item type Books
Holdings
Lost status Source of classification or shelving scheme Damaged status Not for loan Collection code Permanent Location Current Location Shelving location Date acquired Source of acquisition Cost, normal purchase price Total Checkouts Full call number Date last seen Copy number Koha item type Date checked out
  Dewey Decimal Classification     Non-fiction Central Library, University of Rajshahi Central Library, University of Rajshahi   16/08/1968 waris book centre 16.80   345.5491002632 NIC 1966 11/08/2016 C-2 Books  
  Dewey Decimal Classification     Non-fiction Central Library, University of Rajshahi Central Library, University of Rajshahi   16/08/1963 waris book corp., Dhaka 16.80 1 345.5491002632 NIC 1966 09/06/2022 C-3 Books 07/06/2022
  Dewey Decimal Classification   Not For Loan Non-fiction Central Library, University of Rajshahi Central Library, University of Rajshahi Reading Room 29/02/1968 Warsi book cor. 15.00   345.5491002632 NIC 1966 10/10/2021 C-1 Books